<?xml version="1.0" encoding="UTF-8"?>
<record
    xmlns:xsi="http://www.w3.org/2001/XMLSchema-instance"
    xsi:schemaLocation="http://www.loc.gov/MARC21/slim http://www.loc.gov/standards/marcxml/schema/MARC21slim.xsd"
    xmlns="http://www.loc.gov/MARC21/slim">

  <leader>01470nam a22001697a 4500</leader>
  <controlfield tag="003">SGT</controlfield>
  <datafield tag="020" ind1=" " ind2=" ">
    <subfield code="a">9780070635524</subfield>
  </datafield>
  <datafield tag="082" ind1=" " ind2=" ">
    <subfield code="a">658.1, NEW</subfield>
  </datafield>
  <datafield tag="100" ind1=" " ind2=" ">
    <subfield code="a">NEWSTOM, JOHAN W</subfield>
  </datafield>
  <datafield tag="245" ind1=" " ind2=" ">
    <subfield code="a">ORGANIZATIONAL BEHAVIOR</subfield>
    <subfield code="b">HUMAN BEHAVIOR AT WORK </subfield>
  </datafield>
  <datafield tag="250" ind1=" " ind2=" ">
    <subfield code="a">12TH</subfield>
  </datafield>
  <datafield tag="260" ind1=" " ind2=" ">
    <subfield code="a">NEW DELHI </subfield>
    <subfield code="b">TMH </subfield>
    <subfield code="c">2007</subfield>
  </datafield>
  <datafield tag="300" ind1=" " ind2=" ">
    <subfield code="a">528</subfield>
  </datafield>
  <datafield tag="650" ind1=" " ind2=" ">
    <subfield code="a">MANAGEMENT </subfield>
  </datafield>
  <datafield tag="700" ind1=" " ind2=" ">
    <subfield code="a">PART I : FUNDAMENTALS OF ORGANIZATIONAL BEHAVIOR   CHAPTER 1 THE DYNAMICS OF PEOPLE AND ORGANIZATIONS CHAPTER 2 MODELS OF ORGANIZATIONAL BEHAVIOR CHAPTER 3 MANAGING COMMUNICATIONS CHAPTER 4 SOCIAL SYSTEMS AND ORGANIZATIONAL CULTURE   PART II : MOTIVATION AND REWARD SYSTEMS   CHAPTER 5 MOTIVATION CHAPTER 6 APPRAISING AND REWARDING PERFORMANCE   PART III : LEADERSHIP AND EMPOWERMENT   CHAPTER 7 LEADERSHIP CHAPTER 8 EMPOWERMENT AND PARTICIPATION   PART IV : INDIVIDUAL AND INTERPERSONAL BEHAVIOR   CHAPTER 9 EMPLOYEE ATTITUDES AND THEIR EFFECTS CHAPTER 10 ISSUES BETWEEN ORGANIZATIONS AND INDIVIDUALS CHAPTER 11 INTERPERSONAL BEHAVIOR   PART V : GROUP BEHAVIOR   CHAPTER 12 INFORMAL AND FORMAL GROUPS CHAPTER 13 TEAMS AND TEAM BUILDING   PART VI : CHANGE AND ITS EFFECTS  CHAPTER 14 MANAGING CHANGE CHAPTER 15 STRESS AND COUNSELING   PART VII : EMERGING ASPECTS OF ORGANIZATIONAL BEHAVIOR   CHAPTER 16 ORGANIZATIONAL BEHAVIOR ACROSS CULTURES   PART VIII : CASE PROBLEMS   GLOSSARY APPENDIX A: PERSONAL DEVELOPMENT PLAN REFERENCES NAME INDEX SUBJECT INDEX  BECAUSE LEARNING CHANGES EVERYTHING.&#x2122;</subfield>
  </datafield>
  <datafield tag="942" ind1=" " ind2=" ">
    <subfield code="2">ddc</subfield>
    <subfield code="c">FCM</subfield>
  </datafield>
  <datafield tag="999" ind1=" " ind2=" ">
    <subfield code="c">9105</subfield>
    <subfield code="d">9105</subfield>
  </datafield>
</record>
